000 00308nam a22001337a 4500
003 SGT
082 _a617.63
_bA21M
245 _aAdvanced Imaging of TMJ
260 _bSGT University
_c2021
300 _a92
650 _aOral Medicine and Radiology
653 _aOral Medicine and Radiology
942 _2ddc
_cTH
999 _c23552
_d23552